000 01129nam a22003257a 4500
003 CHAP
005 20220817042921.0
008 971013s1995 r 00010 d
010 _a59826
011 _a60798
035 _a64961
040 _cCHAP
090 _aFolleto 14639
100 0 0 _aTaborga Torrico, Huáscar.
_9111317
245 _aAnálisis y opciones de la oferta educativa
260 _aMéxico, D.F. :
_bAsociación Nacional de Universidades e Instituciones de Educación Superior,
_c1995
300 _a107 p.
_b: ilus. ; gráfs.
490 _aTemas de hoy en la educación superior
_v; 5
590 _aBATCH-UPD
_b10
_c20130110
_lUCH01
_h0143
590 _aBATCH-UPD
_b10
_c20130110
_lUCH01
_h1643
590 _aBATCH-UPD
_b10
_c20130409
_lUCH01
_h2141
590 _aBATCH-UPD
_b10
_c20130410
_lUCH01
_h1034
590 _aBATCH-UPD
_b10
_c20130914
_lUCH01
_h1245
590 _aCONVERSION
_b10
_c20130109
_lUCH01
_h1332
650 1 4 _aEducación superior.
830 0 _aTemas de hoy en la educación superior
_v; 5
_9112147
901 _aBK
942 _cFOLL
949 _aFolleto 14639
_bBC
_cFOLL
_d-143514
_eTS1
_i64961
_si
999 _c59826
_d59826